书目信息 |
| 题名: |
思辨哲学新探
|
|
| 作者: | 王树人 著 | |
| 分册: | ||
| 出版信息: | 北京 人民出版社 1985.10 |
|
| 页数: | 431页 | |
| 开本: | 20cm | |
| 丛书名: | 西方哲学史研究丛书 | |
| 单 册: | ||
| 中图分类: | B516.35 | |
| 科图分类: | ||
| 主题词: | 黑格尔,G.W.F.(1770~1831)--哲学 , 黑格尔,G.W.F.(1770~1831) | |
| 电子资源: | ||
| ISBN: | ||
| 000 | 00808nam0 2200253 45 | |
| 001 | 0309221501 | |
| 005 | 20050530102122.1 | |
| 010 | @dCNY2.70 | |
| 091 | @a2001.282 | |
| 100 | @a20030922d1985 km y0chiy0120 ea | |
| 101 | 0 | @achi |
| 105 | @a z 000yy | |
| 200 | 1 | @a思辨哲学新探@ASi Bian Zhe Xue Xin Tan@e关于黑格尔体系的研究@EGuan Yu Hei Ge Er Ti Xi De Yan Jiu@f王树人著@FWang Shu Ren Zhu |
| 210 | @a北京@c人民出版社@d1985.10 | |
| 215 | @a431页@d20cm | |
| 225 | @a西方哲学史研究丛书 | |
| 410 | @12001 @a西方哲学史研究丛书 | |
| 517 | @a关于黑格尔体系的研究@AGuan Yu Hei Ge Er Ti Xi De Yan Jiu | |
| 606 | 0 | @a黑格尔,G.W.F.(1770~1831)@x哲学 |
| 606 | 0 | @a黑格尔,G.W.F.(1770~1831) |
| 690 | @aB516.35@v3 | |
| 701 | 0 | @a王树人@4著 |
| 801 | @aCN@bTSTC@c20030922 | |
| 905 | @dB516.35@e13@f1@b147065 | |
| 思辨哲学新探:关于黑格尔体系的研究/王树人著.-北京:人民出版社,1985.10 |
| 431页;20cm.-(西方哲学史研究丛书) |
| ISBN :CNY2.70 |
| ● |
| 相关链接 |
|
|
|
|
正题名:思辨哲学新探
索取号:B516.35/13
 
预约/预借
| 序号 | 登录号 | 条形码 | 馆藏地/架位号 | 状态 | 备注 |
| 1 | 0147061 | 001728456 | 密集书库/ [索取号:B516.35/13] | 在馆 | |
| 2 | 0147062 | 000509532 | 密集书库/ [索取号:B516.35/13] | 在馆 | |
| 3 | 0147063 | 000580348 | 第一借阅区/ [索取号:B516.35/13] | 在馆 | |
| 4 | 0147064 | 000509426 | 第一借阅区/ [索取号:B516.35/13] | 在馆 | |
| 5 | 0147065 | 000509435 | 第一样本阅览室/ [索取号:B516.35/13] | 在馆 |